這些人,那些事
| 資料類型: | 圖書 | 書目號: | 43347 |
Leader xxxxxxxxxx 001 __ PCLIS00043347 005 __ 20220207164011.0 010 0_ |a978-986-133-345-8|b平裝|dNT$280 100 __ |a20110505d2010 m y0chiy09 e 101 0_ |achi 102 __ |atw 105 __ |aa z 000cy 200 1_ |a這些人,那些事|f吳念真著 205 __ |a初版 210 __ |a臺北市|c圓神出版|c叩應經銷|d2010[民99] 215 0_ |a231面|c圖|d21公分 225 2_ |a圓神文叢|v97 300 __ |a本館最新館藏為2011年12刷 410 _0 |12001 |a圓神文叢|v97 681 __ |a855|b8853 700 _1 |a吳|b念真|4著 801 _0 |atw|b內湖高中|c20110505|gCCR |